|
|
|
|
| LEADER |
00000nab a2200000ua 4500 |
| 001 |
vtls010854559 |
| 003 |
SK-MaSNL |
| 005 |
20260303135507.0 |
| 008 |
230218s1995 xo |||||||||||||||||eng| |
| 035 |
|
|
|a (urnnbn)urn:nbn:sk:snk:ar-a07g65
|
| 035 |
|
|
|a urn:nbn:sk:snk-ab6e2w
|
| 035 |
|
|
|a (uuid)e4d3ee41-4b70-4fe7-9c79-1f393439d916
|
| 040 |
|
|
|a SNKBUCL
|b slo
|c SNKBUCL
|e AACR2
|
| 041 |
0 |
|
|a eng
|
| 044 |
|
|
|a xo
|c SK
|
| 100 |
1 |
|
|a Krištofičová, Eva,
|d 1945-
|4 aut
|9 37046
|
| 245 |
1 |
0 |
|a A CONTRIBUTION TO THE EVALUATION OF RESEARCH FINDINGS
|c Eva Krištofičová
|
| 773 |
0 |
|
|t Human affairs : a postdisciplinary journal for humanities & social sciences
|g Roč. 5, č. 1 (1995), s. 9-18
|
| 958 |
|
|
|a OND
|
| 958 |
|
|
|a EUIPO
|
| 958 |
|
|
|a article5
|
| 999 |
|
|
|c 1966173
|d 1968103
|